| 000 | 01085nam0a2200325 4500 | ||
|---|---|---|---|
| 001 | RU\NLR\bibl\1083005 | ||
| 005 | 20260406124731.0 | ||
| 010 |
_a978-5-699-21119-7 _96100 |
||
| 021 |
_aRU _b2007-21867 _91152 |
||
| 035 | _a(nilc)EL/0000122704 | ||
| 035 | _a(NLR Aleph) 001070179 | ||
| 090 |
_a993691 _c993691 |
||
| 100 | _a20070507d2007 |||y0rusy50 ca | ||
| 101 | 1 |
_arus _ceng |
|
| 102 | _aRU | ||
| 105 | _ay z ||||| | ||
| 200 | 1 |
_aШорохи _e[роман] _fДин Кунц _g[пер. с англ. В. Ноздриной] |
|
| 210 |
_aМосква _cЭксмо _d2007 |
||
| 215 |
_a442,[1] с. _d20 |
||
| 225 | 1 | _aКоллекция Эксмо | |
| 225 | 1 | _aДин Кунц. Коллекция | |
| 686 |
_a84(7Сое)-4-155 _vLBC/RL _2rubbk |
||
| 686 | _aШ6(7США)67-445{Лх1979-62} | ||
| 700 | 1 |
_4070 _8rus _7ca _aКунц _bД. Р. _f1945- _gДин Р. _3RU\NLR\auth\771228 _9111257 |
|
| 801 | 0 |
_aRU _bНБР Коми _c20070507 _grcr |
|
| 801 | 1 |
_aRU _bНБР Коми _c20070507 |
|
| 801 | 2 |
_aRU _bNLR _c20070508 _grcr |
|
| 942 | _cBOOK | ||
| 980 | _aNB | ||